The Limits of Money : Three Perceptions of Our Most Comprehensive Value System /

Gespeichert in:
Bibliographische Detailangaben
1. Verfasser: Goudsmit, Simon (autor)
Format: Buch
Sprache:Englisch
Veröffentlicht: Delft, Holanda : Eburon, 2004, c2004
Schlagworte:
Tags: Tag hinzufügen
Keine Tags, Fügen Sie das erste Tag hinzu!

MARC

LEADER 00000nam^a2200000^a^4500
001 000182673
005 20250521000000.0
009 20260310102014.195
020 |a 90-5972-042-3 
037 |a Acervo ITESO - Biblioteca 
041 |a ING 
082 |a 332. 4  |b GOU 
100 |a Goudsmit, Simon  |e (autor) 
245 1 4 |a The Limits of Money :  |b Three Perceptions of Our Most Comprehensive Value System /  |c S. Goudsmit. 
264 4 |a Delft, Holanda :  |b Eburon,  |c 2004, c2004 
300 |a 403 p. 
336 |a texto  |b txt  |2 rdacontenido 
337 |a sin mediación  |b n  |2 rdamedio 
338 |a volumen  |b nc  |2 rdasoporte 
649 |a XX 
650 |a Dinero -  |x Historia 
650 |a Dinero -  |x Filosofía 
650 |a Sistema Monetario 
650 |a Economía 
910 |a Fondo General 
920 |a Impresos - Libros 
930 |a Colección General 
905 |a 101 
901 |a 0500122804  |b IT1  |c ACC  |u 20250521 
902 |a https://opac.biblio.iteso.mx/vufind/Record/000182673